[Event "Pula op 37th"]
[Site "Pula"]
[Date "2025.06.20"]
[Round "6"]
[White "Kocharin, Timur"]
[Black "Fercec, Nenad"]
[Result "1/2-1/2"]
[WhiteElo "2304"]
[BlackElo "2344"]
[PlyCount "55"]
[EventDate "2025.06.15"]
[EventType "swiss"]
[EventRounds "9"]
[EventCountry "CRO"]
[SourceTitle "CB26_2025"]
[SourceDate "2025.06.25"]
[SourceVersion "1"]
[SourceVersionDate "2025.06.25"]
[SourceQuality "1"]

1. d4 Nf6 2. c4 b6 3. Nc3 Bb7 4. Nf3 g6 5. Qc2 Bg7 6. e4 0-0 7. Be2 e6 8. 0-0 d5 9. cxd5 exd5 10. e5 Ne4 11. Bd3 Nc6 12. a3 f5 13. b4 Qd7 14. Ne2 Nd8 15. Nf4 Rc8 16. b5 Ne6 17. Qb2 Nxf4 18. Bxf4 c5 19. bxc6 Bxc6 20. Rfc1 h6 21. h4 Bb7 22. Qb4 Rxc1+ 23. Rxc1 Rc8 24. Rxc8+ Qxc8 25. Qb2 Bf8 26. Ne1 Qc3 27. Qxc3 Nxc3 28. Bd2 1/2-1/2

[Event "Pula op 37th"]
[Site "Pula"]
[Date "2025.06.17"]
[Round "3"]
[White "Jaidambareesh, Namesh Ramalakshmi"]
[Black "Kocharin, Timur"]
[Result "0-1"]
[WhiteElo "1995"]
[BlackElo "2304"]
[PlyCount "103"]
[EventDate "2025.06.15"]
[EventType "swiss"]
[EventRounds "9"]
[EventCountry "CRO"]
[SourceTitle "CB26_2025"]
[SourceDate "2025.06.25"]
[SourceVersion "1"]
[SourceVersionDate "2025.06.25"]
[SourceQuality "1"]

1. d4 d5 2. c4 e6 3. Nf3 Nf6 4. g3 Bb4+ 5. Nbd2 dxc4 6. Bg2 b5 7. 0-0 0-0 8. b3 cxb3 9. Qxb3 a5 10. a3 Bxd2 11. Bxd2 c6 12. Bg5 Bb7 13. Rfc1 h6 14. Bxf6 Qxf6 15. Ne5 Rc8 16. Ra2 Qd8 17. e3 Qd6 18. Rac2 Ra6 19. Bf1 Nd7 20. a4 Nxe5 21. dxe5 Qb4 22. Rb2 Qxb3 23. Rxb3 Rb6 24. Rc5 b4 25. f4 Kf8 26. Kf2 Ra8 27. Ke1 Ke7 28. Bg2 Rba6 29. g4 Kd7 30. f5 Kc7 31. Rc4 Rd8 32. Be4 Kb6 33. h4 Raa8 34. Bf3 Rac8 35. f6 g5 36. hxg5 hxg5 37. Rb2 Ba6 38. Rd4 c5 39. Rd6+ Rxd6 40. exd6 c4 41. Rh2 c3 42. Be4 b3 43. Kd1 c2+ 44. Bxc2 bxc2+ 45. Kc1 Bd3 46. Rd2 Bg6 47. Rd4 Rd8 48. d7 Kc6 49. e4 Kc5 50. Rd2 Bxe4 51. Kb2 Rb8+ 52. Kc3 0-1

[Event "Titled Tuesday intern op 20th May Late"]
[Site "Chess.com INT"]
[Date "2025.05.20"]
[Round "2"]
[White "Kocharin, Timur"]
[Black "Hiermann, Dietmar"]
[Result "1-0"]
[WhiteElo "2324"]
[BlackElo "2216"]
[PlyCount "37"]
[EventDate "2025.05.20"]
[EventType "swiss (blitz)"]
[EventRounds "11"]
[EventCountry "USA"]
[SourceTitle "CB22_2025"]
[SourceDate "2025.05.28"]
[SourceVersion "1"]
[SourceVersionDate "2025.05.28"]
[SourceQuality "1"]

1. d4 Nf6 2. Nc3 e6 3. e4 Bb4 4. e5 Nd5 5. Bd2 Ne7 6. Bd3 c5 7. dxc5 Bxc5 8. Nf3 Nbc6 9. Qe2 Nd4 10. Nxd4 Bxd4 11. 0-0-0 0-0 12. Qe4 Nf5 13. g4 d5 14. exd6 Bxf2 15. gxf5 exf5 16. Qf3 Bc5 17. Bxf5 Bxf5 18. Qxf5 Qxd6 19. Ne4 1-0

[Event "Titled Tuesday intern op 06th May Early"]
[Site "Chess.com INT"]
[Date "2025.05.06"]
[Round "7"]
[White "Bortnyk, Olexandr"]
[Black "Kocharin, Timur"]
[Result "1-0"]
[WhiteElo "2601"]
[BlackElo "2324"]
[PlyCount "63"]
[EventDate "2025.05.06"]
[EventType "swiss (blitz)"]
[EventRounds "11"]
[EventCountry "USA"]
[SourceTitle "CB20_2025"]
[SourceDate "2025.05.14"]
[SourceVersion "1"]
[SourceVersionDate "2025.05.14"]
[SourceQuality "1"]

1. d4 Nf6 2. Nc3 d5 3. Bf4 a6 4. e3 h6 5. a3 Bf5 6. Bd3 Bxd3 7. cxd3 e6 8. Nf3 Bd6 9. Ne5 Nbd7 10. 0-0 0-0 11. Qb3 Rb8 12. h3 Qe7 13. e4 c5 14. Nxd7 Nxd7 15. Bxd6 Qxd6 16. exd5 cxd4 17. Ne2 Nc5 18. Qc4 Qxd5 19. Nxd4 Rfd8 20. Nf3 Nxd3 21. Qh4 Nxb2 22. Rab1 Nc4 23. Rfc1 b5 24. a4 Qf5 25. axb5 axb5 26. Nd4 Qd5 27. Nxb5 Rxb5 28. Rxb5 Qc6 29. Qxd8+ Kh7 30. Qd3+ f5 31. Qxc4 Qxg2+ 32. Kxg2 1-0

[Event "Titled Tuesday intern op 06th May Early"]
[Site "Chess.com INT"]
[Date "2025.05.06"]
[Round "9"]
[White "Campos Gomez, Manuel"]
[Black "Kocharin, Timur"]
[Result "0-1"]
[WhiteElo "2355"]
[BlackElo "2324"]
[PlyCount "104"]
[EventDate "2025.05.06"]
[EventType "swiss (blitz)"]
[EventRounds "11"]
[EventCountry "USA"]
[SourceTitle "CB20_2025"]
[SourceDate "2025.05.14"]
[SourceVersion "1"]
[SourceVersionDate "2025.05.14"]
[SourceQuality "1"]

1. Nf3 d5 2. c4 d4 3. b4 a5 4. b5 f6 5. g3 e5 6. d3 Bb4+ 7. Bd2 Bxd2+ 8. Nbxd2 Nd7 9. Bg2 Nh6 10. 0-0 0-0 11. Qc2 Nc5 12. Nb3 Qd6 13. Nxc5 Qxc5 14. Nd2 Ra7 15. Ne4 Qe7 16. c5 Be6 17. a4 Nf7 18. Rab1 Raa8 19. Nd2 Rab8 20. b6 c6 21. Nc4 Bxc4 22. Qxc4 Kh8 23. e3 Rfd8 24. Rbe1 Qf8 25. e4 Qe7 26. f4 Rf8 27. h4 Nh6 28. f5 g6 29. Qc1 Kg7 30. Bh3 Nf7 31. fxg6 hxg6 32. Kg2 Nh6 33. Rf2 Rf7 34. Ref1 Rbf8 35. g4 g5 36. hxg5 fxg5 37. Rf5 Nxf5 38. gxf5 Kf6 39. Bg4 Rh8 40. Rg1 Rh4 41. Kf1 Rfh7 42. Qc4 Rh8 43. Qc1 Rh2 44. Bf3 Qg7 45. Qc4 Re8 46. Qc1 Qh6 47. Ke1 Qh4+ 48. Kd1 Qf4 49. Qxf4 exf4 50. Be2 Reh8 51. Bf3 Rf2 52. Be2 Rhh2 0-1

[Event "Titled Tuesday intern op 06th May Early"]
[Site "Chess.com INT"]
[Date "2025.05.06"]
[Round "4"]
[White "Kaminska, Zuzanna"]
[Black "Kocharin, Timur"]
[Result "0-1"]
[WhiteElo "1900"]
[BlackElo "2324"]
[PlyCount "88"]
[EventDate "2025.05.06"]
[EventType "swiss (blitz)"]
[EventRounds "11"]
[EventCountry "USA"]
[SourceTitle "CB20_2025"]
[SourceDate "2025.05.14"]
[SourceVersion "1"]
[SourceVersionDate "2025.05.14"]
[SourceQuality "1"]

1. c4 h6 2. d4 a6 3. Nc3 e6 4. e4 c5 5. Nf3 cxd4 6. Nxd4 Qc7 7. Be3 Nf6 8. Bd3 d6 9. 0-0 Nbd7 10. Rc1 b6 11. Re1 Bb7 12. f3 Be7 13. b3 g5 14. h3 Rc8 15. Bf2 Rg8 16. Bg3 Nh5 17. Bh2 Nf4 18. Bxf4 gxf4 19. Qd2 Bf6 20. Nde2 Qc5+ 21. Kh1 Qg5 22. Rg1 Be5 23. Nd1 Ke7 24. Nf2 h5 25. Bb1 Qh4 26. Nd3 Rg5 27. Nxe5 dxe5 28. Rcd1 Rd8 29. Qd6+ Ke8 30. Qc7 Bc8 31. Nc3 Qf2 32. Na4 Rg8 33. Rd6 Ke7 34. Nxb6 Rg3 35. Nxc8+ Rxc8 36. Rxd7+ Kf6 37. Rxf7+ Kg5 38. Rg7+ Kh6 39. Rh7+ Kg5 40. Qg7+ Kh4 41. Qf6+ Rg5 42. Bd3 Rd8 43. Qxe6 Rxd3 44. Qh6 Rxf3 0-1

[Event "Titled Tuesday intern op 06th May Early"]
[Site "Chess.com INT"]
[Date "2025.05.06"]
[Round "11"]
[White "Kocharin, Timur"]
[Black "Akhmetov, Ayan"]
[Result "0-1"]
[WhiteElo "2324"]
[BlackElo "2410"]
[PlyCount "136"]
[EventDate "2025.05.06"]
[EventType "swiss (blitz)"]
[EventRounds "11"]
[EventCountry "USA"]
[SourceTitle "CB20_2025"]
[SourceDate "2025.05.14"]
[SourceVersion "1"]
[SourceVersionDate "2025.05.14"]
[SourceQuality "1"]

1. e4 e6 2. d4 d5 3. Nc3 Nf6 4. e5 Nfd7 5. f4 c5 6. Nf3 Nc6 7. Be3 h6 8. Qd2 g5 9. fxg5 cxd4 10. Nxd4 Ndxe5 11. Nxc6 Nxc6 12. 0-0-0 hxg5 13. Bxg5 Qxg5 14. Qxg5 Bh6 15. Qxh6 Rxh6 16. g3 Bd7 17. Be2 Ke7 18. h4 Rg8 19. g4 Rgh8 20. h5 Rg8 21. Rhg1 Rg5 22. Rdf1 Ne5 23. Nd1 Rh8 24. Ne3 Rhg8 25. c3 f5 26. h6 fxg4 27. Nxg4 Nxg4 28. h7 Rh8 29. Rxg4 Rxg4 30. Bxg4 Rxh7 31. Rf2 Rg7 32. Be2 e5 33. Kd2 Be6 34. a3 Kd6 35. Bd3 e4 36. Be2 Ke5 37. Rh2 Bf5 38. Rh4 Rg2 39. Ke3 Rg3+ 40. Kf2 Rh3 41. Rxh3 Bxh3 42. Ke3 Bd7 43. Bf1 a6 44. Bg2 Bb5 45. Bh3 Bc4 46. Bc8 b6 47. Bb7 a5 48. Bc8 a4 49. Bd7 b5 50. Be8 Kf5 51. Bd7+ Kg5 52. Bc8 Kh4 53. Kf4 Bf1 54. Bd7 Bc4 55. Bc8 Kh5 56. Bf5 Kh6 57. Bd7 Kg6 58. Be8+ Kf6 59. Bd7 Ke7 60. Bh3 Kd6 61. Bc8 Be2 62. Bh3 Bh5 63. Bc8 Kc5 64. Bd7 Kc4 65. Ke3 Bf7 66. Bc6 Kb3 67. Bxb5 Kxb2 68. Kd2 Kxa3 0-1

[Event "Titled Tuesday intern op 06th May Early"]
[Site "Chess.com INT"]
[Date "2025.05.06"]
[Round "3"]
[White "Kocharin, Timur"]
[Black "Khodashenas, Mersad"]
[Result "0-1"]
[WhiteElo "2324"]
[BlackElo "2471"]
[PlyCount "56"]
[EventDate "2025.05.06"]
[EventType "swiss (blitz)"]
[EventRounds "11"]
[EventCountry "USA"]
[SourceTitle "CB20_2025"]
[SourceDate "2025.05.14"]
[SourceVersion "1"]
[SourceVersionDate "2025.05.14"]
[SourceQuality "1"]

1. e4 e5 2. Nf3 Nf6 3. Nxe5 d6 4. Nf3 Nxe4 5. Nc3 Nxc3 6. dxc3 Be7 7. Be3 Nd7 8. Qd2 Nf6 9. 0-0-0 0-0 10. Bd3 c5 11. Kb1 Be6 12. Ng5 Bd5 13. c4 Bc6 14. h4 Rb8 15. f3 b5 16. cxb5 Bxb5 17. Bxb5 Rxb5 18. Qd3 Qb6 19. Bc1 Rb8 20. b3 d5 21. c4 Rb4 22. Bb2 dxc4 23. Qf5 h6 24. Bxf6 g6 25. Qd5 Qxf6 26. Ne4 Rxb3+ 27. axb3 Rxb3+ 28. Kc1 Qb2# 0-1

[Event "Titled Tuesday intern op 06th May Early"]
[Site "Chess.com INT"]
[Date "2025.05.06"]
[Round "6"]
[White "Palczert, Matyas"]
[Black "Kocharin, Timur"]
[Result "0-1"]
[WhiteElo "2404"]
[BlackElo "2324"]
[PlyCount "116"]
[EventDate "2025.05.06"]
[EventType "swiss (blitz)"]
[EventRounds "11"]
[EventCountry "USA"]
[SourceTitle "CB20_2025"]
[SourceDate "2025.05.14"]
[SourceVersion "1"]
[SourceVersionDate "2025.05.14"]
[SourceQuality "1"]

1. b3 e5 2. Bb2 Nc6 3. c4 g6 4. e3 Bg7 5. Nc3 Nge7 6. d3 0-0 7. Nf3 d5 8. cxd5 Nxd5 9. Rc1 Nxc3 10. Bxc3 a5 11. Be2 Qe7 12. 0-0 Bf5 13. Nd2 Rfd8 14. Qc2 Nb4 15. Bxb4 axb4 16. Ne4 Bxe4 17. dxe4 c6 18. Bc4 Rd6 19. f4 Rf8 20. f5 b5 21. Be2 Rfd8 22. Qc5 Qg5 23. Rfd1 Rxd1+ 24. Rxd1 Rxd1+ 25. Bxd1 Bh6 26. Kf2 gxf5 27. Bf3 Qh4+ 28. g3 Qxh2+ 29. Bg2 f4 30. exf4 exf4 31. gxf4 Qh4+ 32. Ke2 Qxf4 33. Qxc6 Qd2+ 34. Kf3 Qe3+ 35. Kg4 Bf4 36. Kf5 Qg3 37. Qc8+ Kg7 38. Qd8 Qg6+ 39. Kxf4 Qxg2 40. Qd4+ Kg6 41. Qxb4 Qf2+ 42. Ke5 Qxa2 43. Qd6+ Kg7 44. Qf6+ Kg8 45. Qg5+ Kf8 46. Qh6+ Ke8 47. Qc6+ Kf8 48. Qxb5 Qb2+ 49. Kf5 Qf2+ 50. Ke5 Qg3+ 51. Kd4 Qf2+ 52. Kd5 Qd2+ 53. Kc6 Qc3+ 54. Kd7 Qd4+ 55. Qd5 Qa7+ 56. Kc6 Qa6+ 57. Kc7 Qa7+ 58. Kc8 Qa6+ 0-1

[Event "Bundesliga 2425"]
[Site "Germany"]
[Date "2025.04.26"]
[Round "14.8"]
[White "Kocharin, Timur"]
[Black "Kovacevic, Aleksandar"]
[Result "1/2-1/2"]
[WhiteElo "2234"]
[BlackElo "2479"]
[PlyCount "148"]
[EventDate "2024.09.28"]
[EventType "team-tourn"]
[EventRounds "15"]
[EventCountry "GER"]
[SourceTitle "CB18_2025"]
[SourceDate "2025.04.30"]
[SourceVersion "1"]
[SourceVersionDate "2025.04.30"]
[SourceQuality "1"]
[WhiteTeam "Baden-Baden"]
[BlackTeam "Kirchweyhe"]
[WhiteTeamCountry "GER"]
[BlackTeamCountry "GER"]

1. e4 c5 2. Nf3 e6 3. d4 cxd4 4. Nxd4 Nf6 5. Nc3 Nc6 6. a3 d6 7. Be3 Be7 8. f3 0-0 9. Qd2 d5 10. 0-0-0 dxe4 11. Nxc6 bxc6 12. Qxd8 Rxd8 13. Rxd8+ Bxd8 14. Nxe4 Nd5 15. Bd2 Bb6 16. Bd3 Bd7 17. c4 Ne7 18. Bb4 Nf5 19. Nc5 Be8 20. Bxf5 exf5 21. Nd3 f6 22. Kc2 a5 23. Bd6 a4 24. Re1 Bf7 25. c5 Ba5 26. Re7 Bb3+ 27. Kc1 Bf7 28. Nf4 Bd8 29. Rb7 Ba5 30. Ne2 Re8 31. Nd4 f4 32. Rb8 Rxb8 33. Bxb8 Bd5 34. Bxf4 g5 35. Bd6 Kf7 36. Kc2 h5 37. b3 axb3+ 38. Nxb3 Bd8 39. Kc3 g4 40. Nd4 Ba5+ 41. Kd3 gxf3 42. Nxf3 Bb3 43. Nd4 Ba4 44. Bb8 Be1 45. Bg3 Ba5 46. Kc4 Bd2 47. Bd6 Ke8 48. Nf3 Ba5 49. Bf4 Bd1 50. Nd4 Kd7 51. Kd3 Bd8 52. Bd6 Ba5 53. Bg3 Ba4 54. Bh4 Ke7 55. Kc4 Bd2 56. Nf5+ Kf7 57. Nd6+ Kg6 58. Bf2 f5 59. Bd4 h4 60. Bf2 Bf4 61. Bxh4 Bxh2 62. Kb4 Bd1 63. a4 Be2 64. Nc4 Bc7 65. Be1 Kf6 66. a5 Ke6 67. a6 Bb8 68. Bg3 Ba7 69. Bc7 Kd5 70. Ne3+ Ke4 71. Nc4 Kd4 72. Bb6 Bxc4 73. Bxa7 Bxa6 74. g3 Ke5 1/2-1/2

[Event "Karlsruhe Grenke op"]
[Site "Karlsruhe"]
[Date "2025.04.20"]
[Round "6"]
[White "Pham, Khoi"]
[Black "Kocharin, Timur"]
[Result "1/2-1/2"]
[WhiteElo "2386"]
[BlackElo "2263"]
[PlyCount "169"]
[EventDate "2025.04.17"]
[EventType "swiss"]
[EventRounds "9"]
[EventCountry "GER"]
[SourceTitle "CB17_2025"]
[SourceDate "2025.04.23"]
[SourceVersion "1"]
[SourceVersionDate "2025.04.23"]
[SourceQuality "1"]

1. d4 Nf6 2. c4 e6 3. Nf3 b6 4. g3 Bb7 5. Bg2 Be7 6. 0-0 0-0 7. Re1 a5 8. Nc3 Ne4 9. Qc2 Nxc3 10. bxc3 d6 11. e4 Nd7 12. h4 h6 13. Rb1 a4 14. Nd2 Ra5 15. Nf1 Qa8 16. Ba3 Re8 17. Rbd1 Bf8 18. Ne3 Nf6 19. f3 g6 20. g4 Qd8 21. Qf2 Be7 22. Bb4 Nd7 23. g5 hxg5 24. Bxa5 bxa5 25. Rf1 gxh4 26. f4 Kg7 27. e5 Bxg2 28. Qxg2 Kf8 29. c5 Qa8 30. Qxa8 Rxa8 31. Rb1 dxc5 32. Rb7 cxd4 33. cxd4 Bd8 34. Kg2 Ke8 35. Rc1 Nb6 36. Kf3 Kd7 37. Ke4 Ra6 38. Rb8 a3 39. Nc4 Nxc4 40. Rxc4 Rb6 41. Ra8 h3 42. Rxa5 Rb1 43. Rc2 Rb2 44. Rac5 h2 45. Rc1 Rg2 46. Rh1 Rxa2 47. Rc3 Be7 48. Rh3 Bb4 49. Kd3 Rf2 50. R3xh2 Rxf4 51. Ke3 g5 52. Rc2 Rh4 53. Rhc1 Rh3+ 54. Ke4 Ba5 55. Rf1 Ke7 56. Rcf2 Rh7 57. Kd3 g4 58. Kc4 Rg7 59. Ra2 g3 60. Rxa3 Bb6 61. Rg1 Rg4 62. Rd3 g2 63. Rd2 f6 64. Rgxg2 Rf4 65. Rg7+ Kf8 66. exf6 Rxf6 67. Rd7 Rf7 68. Rxf7+ Kxf7 69. Kd3 Ke7 70. Ke4 Kd6 71. Rb2 Ba7 72. Rb7 Bb6 73. Rb8 Ba7 74. Rd8+ Ke7 75. Rh8 Kd6 76. Rh6 c6 77. Rh7 Bb6 78. Rb7 Bd8 79. Ra7 Bf6 80. Ra8 Be7 81. Rg8 Bf6 82. Rf8 Be7 83. Rg8 Bf6 84. Rf8 Be7 85. Rg8 1/2-1/2

[Event "Titled Tuesday intern op 01st Apr Early"]
[Site "Chess.com INT"]
[Date "2025.04.01"]
[Round "3"]
[White "Arslanov, Shamil"]
[Black "Kocharin, Timur"]
[Result "1-0"]
[WhiteElo "2410"]
[BlackElo "2266"]
[PlyCount "73"]
[EventDate "2025.04.01"]
[EventType "swiss (blitz)"]
[EventRounds "11"]
[EventCountry "USA"]
[SourceTitle "CB15_2025"]
[SourceDate "2025.04.09"]
[SourceVersion "1"]
[SourceVersionDate "2025.04.09"]
[SourceQuality "1"]

1. d4 Nf6 2. f3 d5 3. e4 dxe4 4. Nc3 exf3 5. Nxf3 c6 6. Bc4 Bd7 7. 0-0 e6 8. Qe1 Na6 9. Ne5 Nb4 10. Qf2 Nbd5 11. Ne4 Be7 12. Ng5 0-0 13. c3 h6 14. Nh3 Be8 15. Bd3 c5 16. Qg3 Kh8 17. Qh4 Nd7 18. Qh5 N5f6 19. Qe2 Nxe5 20. dxe5 Nd7 21. Qe4 f5 22. exf6 Nxf6 23. Rxf6 g6 24. Rxe6 Bf6 25. Bxh6 Rg8 26. Re1 Bc6 27. Qe2 Bh4 28. g3 Qd5 29. Re4 Bf6 30. Nf4 Qd7 31. Re6 Raf8 32. Nxg6+ Rxg6 33. Bxg6 Qd5 34. Be4 Qxe6 35. Bxf8 Be8 36. Bd3 Qxe2 37. Rxe2 1-0

[Event "Titled Tuesday intern op 01st Apr Late"]
[Site "Chess.com INT"]
[Date "2025.04.01"]
[Round "8"]
[White "Gustafsson, Jan"]
[Black "Kocharin, Timur"]
[Result "1-0"]
[WhiteElo "2601"]
[BlackElo "2263"]
[PlyCount "121"]
[EventDate "2025.04.01"]
[EventType "swiss (blitz)"]
[EventRounds "11"]
[EventCountry "USA"]
[SourceTitle "CB15_2025"]
[SourceDate "2025.04.09"]
[SourceVersion "1"]
[SourceVersionDate "2025.04.09"]
[SourceQuality "1"]

1. Nf3 Nf6 2. c4 e6 3. b3 d5 4. Bb2 b6 5. e3 Bb7 6. Nc3 Nbd7 7. cxd5 exd5 8. g3 d4 9. Nb1 Ne5 10. Nxe5 Bxh1 11. Bb5+ c6 12. Nxc6 Qd6 13. Ba3 Qc7 14. Nxd4+ Kd8 15. f3 Bc5 16. Bxc5 bxc5 17. Nc6+ Kc8 18. Kf2 a6 19. Ba4 Ne4+ 20. Kg1 h5 21. Nc3 Nxc3 22. dxc3 h4 23. g4 Rh6 24. Kxh1 Rxc6 25. Qd5 Kb7 26. Rd1 Re8 27. Bxc6+ Qxc6 28. Qxf7+ Kb6 29. e4 h3 30. Qd5 Qb5 31. Qd6+ Kb7 32. Qd7+ Qxd7 33. Rxd7+ Kc6 34. Rd3 c4 35. bxc4 Rb8 36. Kg1 Rb2 37. a4 Rg2+ 38. Kf1 Rxh2 39. Rd5 Rc2 40. Kg1 Rxc3 41. Rf5 Rxc4 42. Kh2 Rxa4 43. Kxh3 Rd4 44. Kg3 Rd7 45. g5 Ra7 46. Ra5 Kb6 47. Ra1 a5 48. f4 a4 49. f5 a3 50. f6 gxf6 51. gxf6 Kc6 52. Kf4 Kd6 53. Kf5 Ra5+ 54. Kg6 Ke6 55. Ra2 Ra7 56. e5 Ra6 57. f7 Ke7+ 58. Kg7 Ra8 59. Rxa3 Rf8 60. Ra7+ Ke6 61. Kxf8 1-0

[Event "Titled Tuesday intern op 01st Apr Late"]
[Site "Chess.com INT"]
[Date "2025.04.01"]
[Round "2"]
[White "Klukin, Kirill"]
[Black "Kocharin, Timur"]
[Result "0-1"]
[WhiteElo "2407"]
[BlackElo "2263"]
[PlyCount "92"]
[EventDate "2025.04.01"]
[EventType "swiss (blitz)"]
[EventRounds "11"]
[EventCountry "USA"]
[SourceTitle "CB21_2025"]
[SourceDate "2025.05.21"]
[SourceVersion "1"]
[SourceVersionDate "2025.05.21"]
[SourceQuality "1"]

1. d4 Nf6 2. Nf3 d5 3. c4 e6 4. Nc3 Be7 5. cxd5 exd5 6. Bg5 c6 7. e3 Bf5 8. Bd3 Bxd3 9. Qxd3 Nbd7 10. 0-0 0-0 11. h3 h6 12. Bf4 Re8 13. Rab1 a5 14. Qc2 Bf8 15. Ne5 Nxe5 16. Bxe5 Bd6 17. Qf5 Bxe5 18. dxe5 Qd7 19. Qf4 Ne4 20. Nxe4 dxe4 21. Qxe4 Qe6 22. f4 Qxa2 23. b3 Qa3 24. Qc4 Qb4 25. Qxb4 axb4 26. Ra1 Ra3 27. Rxa3 bxa3 28. Ra1 Ra8 29. b4 b5 30. Kf1 c5 31. Ke2 cxb4 32. Kd2 b3 33. Kc3 b2 34. Rd1 b4+ 35. Kb3 Kf8 36. g4 Ra5 37. h4 Ke7 38. g5 hxg5 39. hxg5 g6 40. e4 Rc5 41. Rb1 Rc3+ 42. Ka2 Rc1 43. f5 b3+ 44. Kxa3 Rxb1 45. Kxb3 Re1 46. Kxb2 Rxe4 0-1

[Event "Titled Tuesday intern op 01st Apr Early"]
[Site "Chess.com INT"]
[Date "2025.04.01"]
[Round "5"]
[White "Kocharin, Timur"]
[Black "Gkavardinas, Antonios"]
[Result "0-1"]
[WhiteElo "2266"]
[BlackElo "2302"]
[PlyCount "129"]
[EventDate "2025.04.01"]
[EventType "swiss (blitz)"]
[EventRounds "11"]
[EventCountry "USA"]
[SourceTitle "CB15_2025"]
[SourceDate "2025.04.09"]
[SourceVersion "1"]
[SourceVersionDate "2025.04.09"]
[SourceQuality "1"]

1. d4 d5 2. c4 e6 3. Nc3 Be7 4. cxd5 exd5 5. Bf4 c6 6. e3 Nf6 7. Bd3 0-0 8. h3 c5 9. dxc5 Bxc5 10. Nf3 Nc6 11. 0-0 d4 12. Na4 b6 13. exd4 Nxd4 14. Nxc5 bxc5 15. Nxd4 cxd4 16. Qf3 Be6 17. Be5 Qd5 18. Qxd5 Nxd5 19. Bxd4 Nf4 20. Ba6 Rfd8 21. Be3 Nd3 22. Bxd3 Rxd3 23. b3 a5 24. Rfd1 Rad8 25. Rxd3 Rxd3 26. Rc1 h5 27. Rc5 a4 28. bxa4 Ra3 29. a5 g6 30. Bd4 Rxa2 31. Rb5 Kf8 32. Bc5+ Ke8 33. Bb6 Kd7 34. Rc5 Kd6 35. Rc3 Bd5 36. Kh2 h4 37. Rd3 Ke6 38. Re3+ Kd6 39. Re8 g5 40. Rg8 f6 41. Rg6 Ke7 42. Bd4 Rxa5 43. Bxf6+ Kf7 44. Rh6 Be4 45. Bd4 Bg6 46. Rh8 Rd5 47. Be3 Kg7 48. Ra8 Bf7 49. Ra7 Kg6 50. Ra6+ Kg7 51. Kg1 Rf5 52. Kf1 Bc4+ 53. Ke1 Bxa6 54. Kd2 Rb5 55. Kc3 Kg6 56. Kd4 Bb7 57. g4 hxg3 58. fxg3 Rf5 59. h4 g4 60. Kd3 Rf3 61. Ke2 Rxg3 62. Kf2 Rf3+ 63. Ke2 g3 64. Bg1 g2 65. Bd4 0-1

[Event "Titled Tuesday intern op 01st Apr Late"]
[Site "Chess.com INT"]
[Date "2025.04.01"]
[Round "5"]
[White "Kocharin, Timur"]
[Black "Karas, Eugenia"]
[Result "0-1"]
[WhiteElo "2263"]
[BlackElo "2124"]
[PlyCount "60"]
[EventDate "2025.04.01"]
[EventType "swiss (blitz)"]
[EventRounds "11"]
[EventCountry "USA"]
[SourceTitle "CB21_2025"]
[SourceDate "2025.05.21"]
[SourceVersion "1"]
[SourceVersionDate "2025.05.21"]
[SourceQuality "1"]

1. e4 c5 2. Nf3 d6 3. Bb5+ Bd7 4. Bxd7+ Qxd7 5. c4 e5 6. Nc3 Ne7 7. d3 g6 8. h4 h5 9. a3 Bg7 10. b4 b6 11. Rb1 Nbc6 12. Nd5 Nxd5 13. cxd5 Nd4 14. bxc5 dxc5 15. Nxd4 exd4 16. a4 0-0 17. 0-0 Rfc8 18. f4 c4 19. dxc4 Rxc4 20. Bb2 Rxa4 21. Qb3 b5 22. e5 Rc4 23. d6 Rac8 24. Ba1 Qg4 25. Qxb5 Rc2 26. Qd5 R8c5 27. Qe4 Re2 28. Qf3 Rcc2 29. Rb2 Rxg2+ 30. Kh1 Rh2# 0-1

[Event "Titled Tuesday intern op 01st Apr Early"]
[Site "Chess.com INT"]
[Date "2025.04.01"]
[Round "9"]
[White "Pfreundt, Jakob"]
[Black "Kocharin, Timur"]
[Result "1-0"]
[WhiteElo "2462"]
[BlackElo "2266"]
[PlyCount "183"]
[EventDate "2025.04.01"]
[EventType "swiss (blitz)"]
[EventRounds "11"]
[EventCountry "USA"]
[SourceTitle "CB15_2025"]
[SourceDate "2025.04.09"]
[SourceVersion "1"]
[SourceVersionDate "2025.04.09"]
[SourceQuality "1"]

1. d4 Nf6 2. Nf3 d5 3. c3 a5 4. Bf4 Bf5 5. Nh4 Bg4 6. h3 Bh5 7. g4 Bg6 8. Nxg6 hxg6 9. Bg2 e6 10. Qb3 Ra7 11. a4 Bd6 12. Bxd6 Qxd6 13. Qa3 Qxa3 14. Nxa3 c6 15. g5 Ne4 16. Bxe4 dxe4 17. Nc4 Ke7 18. h4 Nd7 19. Kd2 f5 20. f3 exf3 21. exf3 Raa8 22. Rae1 b5 23. Ne5 Nxe5 24. Rxe5 bxa4 25. Rhe1 Rxh4 26. Rxe6+ Kf7 27. Rxc6 Rb8 28. Rc7+ Kf8 29. Ree7 Rxb2+ 30. Kd3 a3 31. Rf7+ Kg8 32. Rxg7+ Kh8 33. Rge7 Rb8 34. Ra7 Rh3 35. Ke3 f4+ 36. Ke4 Rh2 37. Kxf4 Rc2 38. Rh7+ Kg8 39. Rhg7+ Kh8 40. Rh7+ Kg8 41. Rhc7 Rf8+ 42. Ke3 Rf5 43. Rc8+ Rf8 44. Rcc7 Re8+ 45. Kd3 Rf2 46. Rg7+ Kh8 47. Rh7+ Kg8 48. Rag7+ Kf8 49. Rf7+ Kg8 50. Rhg7+ Kh8 51. Rh7+ Kg8 52. Rfg7+ Kf8 53. Rh8+ Kxg7 54. Rxe8 Rxf3+ 55. Kc4 a2 56. Re1 Kf7 57. Ra1 Rf2 58. Kb3 Ke6 59. Rxa2 Rxa2 60. Kxa2 Kf5 61. Kb3 Kxg5 62. Ka4 Kf6 63. c4 g5 64. c5 Ke7 65. Kxa5 g4 66. Kb6 Kd8 67. Kb7 g3 68. c6 g2 69. c7+ Ke7 70. c8Q g1Q 71. Qc7+ Ke8 72. Qe5+ Kd7 73. Qd5+ Ke7 74. Kc7 Qg3+ 75. Kc6 Qg6+ 76. Kb5 Qb1+ 77. Kc5 Qc2+ 78. Kb6 Qb2+ 79. Kc6 Qh2 80. Qd7+ Kf6 81. Qd6+ Qxd6+ 82. Kxd6 Kf5 83. d5 Ke4 84. Ke6 Kd4 85. d6 Ke4 86. d7 Kf4 87. d8Q Kf3 88. Qd2 Ke4 89. Kf6 Kf3 90. Kf5 Kg3 91. Qe2 Kh3 92. Kf4 1-0

[Event "Titled Tuesday intern op 01st Apr Late"]
[Site "Chess.com INT"]
[Date "2025.04.01"]
[Round "1"]
[White "Strybuk, Artsiom I"]
[Black "Kocharin, Timur"]
[Result "1/2-1/2"]
[WhiteElo "2433"]
[BlackElo "2263"]
[PlyCount "183"]
[EventDate "2025.04.01"]
[EventType "swiss (blitz)"]
[EventRounds "11"]
[EventCountry "USA"]
[SourceTitle "CB21_2025"]
[SourceDate "2025.05.21"]
[SourceVersion "1"]
[SourceVersionDate "2025.05.21"]
[SourceQuality "1"]

1. c4 e5 2. g3 Nf6 3. Bg2 Bc5 4. Nc3 0-0 5. Nf3 Re8 6. 0-0 c6 7. d4 exd4 8. Nxd4 d6 9. b3 a5 10. Bb2 Na6 11. Qd2 Nc7 12. Rad1 Qe7 13. Qc2 Bg4 14. h3 Bh5 15. Nf5 Qd7 16. g4 Bg6 17. Na4 Ba7 18. e4 d5 19. cxd5 cxd5 20. exd5 Rac8 21. d6 Nb5 22. Qd3 Bxf5 23. gxf5 Rcd8 24. Rfe1 Rxe1+ 25. Rxe1 Nxd6 26. Rd1 b5 27. Nc3 Bb6 28. Nd5 Nxd5 29. Qxd5 Qxf5 30. Qxf5 Nxf5 31. Rxd8+ Bxd8 32. Be4 Nd6 33. Bd3 f6 34. Bd4 g6 35. Bc5 Bc7 36. Kg2 b4 37. Kf3 Kf7 38. Bxd6 Bxd6 39. Bc4+ Ke7 40. Ke4 Bc5 41. f4 f5+ 42. Kf3 Bd6 43. Bg8 h6 44. Bc4 g5 45. fxg5 hxg5 46. Bd3 Kf6 47. Ba6 Ke5 48. Bc8 f4 49. Bb7 Kd4 50. Bc6 Kc3 51. Bd7 Kb2 52. Be8 Kxa2 53. Ba4 Kb2 54. Ke2 Kc3 55. Kf3 Kd4 56. Bc6 Be7 57. Be8 Kd5 58. Ba4 Ke5 59. Be8 Kf5 60. Ba4 Ke6 61. Be8 Kd5 62. Ba4 Bd8 63. Be8 Kd4 64. Ba4 Kd3 65. Bb5+ Kd2 66. Ba4 Ke1 67. Bb5 Be7 68. Kg2 Bf6 69. Kf3 Kd1 70. Ba4 Kd2 71. Kf2 Bd4+ 72. Kf3 Be3 73. Bb5 Ke1 74. Kg2 Bf2 75. Kf3 Bh4 76. Kg2 Bg3 77. Kf3 Kd2 78. Ba4 Bh4 79. Bb5 Be1 80. Ba4 Kc2 81. Ke2 Bh4 82. Kf3 Kc3 83. Ke2 Kd4 84. Kf3 Kd3 85. Bb5+ Kd4 86. Ba4 Kd3 87. Bb5+ Kd2 88. Ba4 Ke1 89. Bb5 Kd2 90. Ba4 Kc3 91. Ke2 Kd4 92. Kf3 1/2-1/2